Logos de clubs de football de A à Z - Statistiques

Statistiques générales
  • Ce quiz a été pris 1 051 fois
  • Le résultat moyen est 17 sur 23
Statistiques - réponses
Par images Hint Réponse % Correct
C Chelsea
98%
J Juventus
96%
E Everton
92%
L Lens
92%
N Naples
92%
A Ajax Amsterdam
90%
G Galatasaray
90%
M Montpellier
88%
S Saint-Etienne
87%
V Valence
87%
D Dijon
86%
T Tottenham
86%
O Olympiakos
79%
F Flamengo
74%
H Hambourg
74%
W Wolverhampton
70%
U Udinese
69%
R Riverplate
66%
I Ipswich
61%
P Palmeiras
53%
Q Queens Park Rangers
45%
K Kaiserslautern
28%
B Borisov
16%
Aucun quiz correspondant
Distribution des résultats
% des personnes avec chaque résultat
Percentile par nombre de réponses
Votre historique - résultats
Vous n’avez pas pris ce quiz